<?xml version="1.0" encoding="UTF-8"?>
<collection xmlns="http://www.loc.gov/MARC21/slim">
 <record>
  <leader>01305nam0a2200265   4500</leader>
  <controlfield tag="001">in00000004651</controlfield>
  <controlfield tag="005">20230616174440.9</controlfield>
  <datafield tag="010" ind1=" " ind2=" ">
   <subfield code="a">978-7-02-017139-2</subfield>
   <subfield code="d">CNY39.00</subfield>
  </datafield>
  <datafield tag="035" ind1=" " ind2=" ">
   <subfield code="a">011542528</subfield>
  </datafield>
  <datafield tag="100" ind1=" " ind2=" ">
   <subfield code="a">20220921d2022    em y0chiy50      ea</subfield>
  </datafield>
  <datafield tag="101" ind1="0" ind2=" ">
   <subfield code="a">chi</subfield>
  </datafield>
  <datafield tag="102" ind1=" " ind2=" ">
   <subfield code="a">CN</subfield>
   <subfield code="b">110000</subfield>
  </datafield>
  <datafield tag="105" ind1=" " ind2=" ">
   <subfield code="a">y   z   000cy</subfield>
  </datafield>
  <datafield tag="106" ind1=" " ind2=" ">
   <subfield code="a">r</subfield>
  </datafield>
  <datafield tag="200" ind1="1" ind2=" ">
   <subfield code="a">春雨 印度洋上的秋思</subfield>
   <subfield code="9">chun yu yin du yang shang de qiu si</subfield>
   <subfield code="e">春夏秋冬卷</subfield>
   <subfield code="f">梁遇春，徐志摩等著</subfield>
  </datafield>
  <datafield tag="210" ind1=" " ind2=" ">
   <subfield code="a">北京</subfield>
   <subfield code="c">人民文学出版社</subfield>
   <subfield code="d">2022</subfield>
  </datafield>
  <datafield tag="215" ind1=" " ind2=" ">
   <subfield code="a">183页</subfield>
   <subfield code="d">21cm</subfield>
  </datafield>
  <datafield tag="300" ind1=" " ind2=" ">
   <subfield code="a">中国作家同题散文精选 99读书人</subfield>
  </datafield>
  <datafield tag="330" ind1=" " ind2=" ">
   <subfield code="a">本书精选中国现代著名作家以“春”“夏”“秋”“冬”为主题所写的经典散文四十四篇，其中包括郁达夫的《钓台的春昼》、朱自清的《扬州的夏日》、鲁迅的《秋夜》、夏丏尊的《白马湖之冬》等，或刻画一时一地之片段，或描绘一年一季之全景，这些文字无不反映出岁时更迭、日月轮回的无常与永恒。</subfield>
  </datafield>
  <datafield tag="606" ind1="0" ind2=" ">
   <subfield code="a">散文集</subfield>
   <subfield code="y">中国</subfield>
   <subfield code="z">现代</subfield>
  </datafield>
  <datafield tag="606" ind1="0" ind2=" ">
   <subfield code="a">散文集</subfield>
   <subfield code="y">中国</subfield>
   <subfield code="z">当代</subfield>
  </datafield>
  <datafield tag="690" ind1=" " ind2=" ">
   <subfield code="a">I266</subfield>
   <subfield code="v">5</subfield>
  </datafield>
  <datafield tag="701" ind1=" " ind2="0">
   <subfield code="a">梁遇春</subfield>
   <subfield code="9">liang yu chun</subfield>
   <subfield code="f">(1906-1932)</subfield>
   <subfield code="4">著</subfield>
  </datafield>
  <datafield tag="701" ind1=" " ind2="0">
   <subfield code="a">徐志摩</subfield>
   <subfield code="9">xu zhi mo</subfield>
   <subfield code="f">(1897-1931)</subfield>
   <subfield code="4">著</subfield>
  </datafield>
  <datafield tag="999" ind1="f" ind2="f">
   <subfield code="s">da95a0ef-8215-498b-92ec-dd3cf5e0494a</subfield>
   <subfield code="i">e98f30e2-7ee0-4fd0-b0f5-5531944dc3ca</subfield>
  </datafield>
 </record>
</collection>
